RESEARCH programme 1958-1962 : progress report 1961

Bibliographic Details
Corporate Author: Forest Research Institute Malaysia (FRIM)
Format: Book
Published: Kuala Lumpur : Forest Department , 1962
Series:Research pamphlet ; no. 26C
Subjects:

MARC

LEADER 00000cam a2200000 7i4500
001 0000003061
005 20040427.0
090 0 0 |a RP634.9072   |b RES 1962 
245 0 0 |a RESEARCH programme 1958-1962 :   |b progress report 1961 
260 0 0 |a Kuala Lumpur :   |b Forest Department ,   |c 1962 
300 |a xi, 67 p. ;   |c 34 cm. 
440 0 0 |a Research pamphlet ; no. 26C 
650 0 0 |a Forests and forestry   |x Research 
710 1 1 |a Forest Research Institute Malaysia (FRIM) 
998 |a JPSM 
999 |a 0000005391   |b Monograph   |c Open Shelf   |e Default branch 
999 |a 0000005392   |b Monograph   |c Open Shelf   |e Default branch